El escabroso secreto de la princesa tuerta / (Record no. 184039)

MARC details
000 -LEADER
campo de control de longitud fija 00689nam a2200205 i 4500
001 - NÚMERO DE CONTROL
campo de control 184039
003 - IDENTIFICADOR DE NÚMERO DE CONTROL
campo de control ES-MaACL
005 - FECHA Y HORA DE LA ÚLTIMA TRANSACCIÓN
campo de control 20231115131702.0
008 - DATOS DE LONGITUD FIJA--INFORMACIÓN GENERAL
campo de control de longitud fija 150224s2014 sp | |||||||| | spa d
080 ## - NÚMERO DE LA CLASIFICACIÓN DECIMAL UNIVERSAL
Número de la Clasificación Decimal Universal 821.134.2-22"19"
100 1# - ENTRADA PRINCIPAL--NOMBRE DE PERSONA
Nombre de persona Vida Arredondo, Joaquín (
Fechas asociadas al nombre 1944-)
9 (RLIN) 156437
245 13 - MENCIÓN DEL TÍTULO
Título El escabroso secreto de la princesa tuerta /
Mención de responsabilidad, etc. Joaquín Vida.
260 ## - PUBLICACIÓN, DISTRIBUCIÓN, ETC.
Lugar de publicación, distribución, etc. [Granada] :
Nombre del editor, distribuidor, etc. E. J. Vida Arredondo,
Fecha de publicación, distribución, etc. D.L. 2014 (
Lugar de fabricación/manufactura Granada :
Fabricante Imprenta del Arco)
300 ## - DESCRIPCIÓN FÍSICA
Extensión 164 p. ;
Dimensiones 21 cm.
490 1# - MENCIÓN DE SERIE
Mención de serie Romper el cerco
830 0# - PUNTO DE ACCESO ADICIONAL DE SERIE-TÍTULO UNIFORME
Título uniforme Romper el cerco
9 (RLIN) 225031
852 ## - LOCALIZACIÓN
Ubicación ES-MaACL
Número de control de estantería A-13413
itemnumber 191005
Sublocalización o colección R.150284
Ubicación en estantería Depósito 1
Signatura antigua Olim: N-6413
942 ## - ELEMENTOS DE ENTRADA SECUNDARIOS (KOHA)
Fuente del sistema de clasificación o colocación Clasificación decimal universal
Tipo de ítem Koha Libro impreso
Holdings
Estatus retirado Estado de pérdida Fuente del sistema de clasificación o colocación Estado de daño No para préstamo Biblioteca de origen Biblioteca actual Ubicación en estantería Fecha de adquisición Fuente de adquisición Total de préstamos Signatura topográfica completa Código de barras Visto por última vez Precio de reemplazo Tipo de ítem Koha
    Clasificación decimal universal     Biblioteca del Ateneo de Madrid Biblioteca del Ateneo de Madrid Depósito 1 24/02/2015 Donación   A-13413 1193526 23/02/2023 23/02/2023 Libro impreso